000
00204 a2200097 4500
001
45786
100
_a
Collins, J
245
_a
Holly wood wives
260
_a
London
_b
Pan books
_c
090
_c
28910
_d
28910
942
_a
NUST-CAE
_c
M
_c
21014
999
_c
280859
_d
280859